000 00541nam a22001937a 4500
003 UA-OsUOA
001 25683
007 ta
008 20040423b un ||||| |||| 00| 0 ukr d
942 _cSA
040 _aUA-OsUOA
_brus
_cUA-OsUOA
_dUA-OsUOA
245 _aДкржавна комісія з регулювання ринків фінансових послуг України
300 _aС.1-16
955 _a0
041 _arus
044 _aRU
773 0 _w0
_tУкраїна-business
_dК.
_d2004
_g19-26 квітня
650 7 _2UDC
999 _c311982
_d311982